Prípad Glasenapp /

Guardado en:
Detalles Bibliográficos
Autor principal: HEYM, Stefan (Autor)
Otros Autores: HRUŠOVSKÝ, Ján (Traductor)
Formato: Libro
Lenguaje:eslovaco
Publicado: Bratislava; Slovenské vydavateľstvo krásnej literatúry 1961
Edición:1. vydanie
Colección:Hviezdoslavova knižnica, 69. zväzok
Etiquetas: Agregar Etiqueta
Sin Etiquetas, Sea el primero en etiquetar este registro!

MARC

LEADER 00000nam a22000003a 4500
001 0103059
003 SK-STU
005 20230630084207.6
007 ta
008 230630s ----xo-----e------000-0-----d
040 |a STU  |b slo 
041 0 |a slo 
044 |a xo 
100 1 |a HEYM, Stefan  |4 aut 
245 1 0 |a Prípad Glasenapp /  |c aut. Stefan HEYM ; prekl. Ján HRUŠOVSKÝ 
250 |a 1. vydanie 
260 |a Bratislava;  |b Slovenské vydavateľstvo krásnej literatúry  |c 1961 
300 |a 400 strán 
490 0 |a Hviezdoslavova knižnica,  |v 69. zväzok 
700 1 |a HRUŠOVSKÝ, Ján  |4 trl 
996 |c I* 4SOA13986  |l I  |s A  |a 24  |w 0103059_0001